| 000 | 01084nam a22002537a 4500 | ||
|---|---|---|---|
| 005 | 20240530110450.0 | ||
| 008 | 150506s2010 ua g 000 0 ara d | ||
| 017 |
_a2009/11681 _bمصر . دار الكتب المصرية |
||
| 020 | _a9775471826 | ||
| 040 | _aEG-CaGPL | ||
| 082 | 0 | 4 |
_221 _a378.1758\ _bج ج |
| 100 | 0 | _aجمال الدهشان | |
| 245 | 1 | 2 |
_aالجامعة الافتراضية : _bاحد الانماط الجديدة فى التعليم الجامعى / _cجمال الدهشان |
| 250 | _aط1 | ||
| 260 |
_aالقاهرة : _bمصر العربية للنشر و التوزيع ، _c2010 . |
||
| 300 |
_a207 ص : _c24 سم . |
||
| 650 | 0 | 4 | _aالتعليم الجامعى |
| 650 | 0 | 4 | _aالجامعات و الكليات الافتراضية |
| 650 | 0 | 4 | _aالتعليم الحامعى الافتراضى |
| 650 | 0 | 4 |
_aالجامعات و الكليات الافتراضية _xهيئة التدريس |
| 650 | 0 | 4 |
_aالجامعات و الكليات الافتراضية _xمشاكل |
| 942 |
_2ddc _cBK |
||
| 999 |
_c61232 _d61232 |
||